[Event "Gashimov Memorial-B 1st"]
[Site "Shamkir"]
[Date "2014.04.21"]
[Round "2"]
[White "Wojtaszek, Radoslaw"]
[Black "Eljanov, Pavel"]
[Result "0-1"]
[WhiteElo "2716"]
[BlackElo "2732"]
[Annotator "Sagar Shah"]
[PlyCount "117"]
[EventDate "2014.03.21"]
[EventType "tourn"]
[EventRounds "9"]
[EventCountry "AZE"]
[EventCategory "17"]
[SourceTitle "CBM 160"]
[Source "ChessBase"]
[SourceDate "2014.05.15"]
[SourceVersion "1"]
[SourceVersionDate "2014.05.15"]
[SourceQuality "1"]
[TimeControl "40/7200:20/3600:900+30"]
[WhiteClock "0:59:26"]
[BlackClock "0:56:56"]

1. d4 {[%emt 0:00:04]} d5 {[%emt 0:00:11]} 2. c4 {[%emt 0:00:05]} c6 {[%emt 0:
00:03]} 3. Nf3 {[%emt 0:00:08]} Nf6 {[%emt 0:00:04]} 4. Nc3 {[%emt 0:00:08]} a6
{[%emt 0:00:27]} 5. c5 {[%emt 0:00:07]} Bf5 {[%emt 0:01:04]} 6. Qb3 {[%emt 0:
00:15]} Ra7 {[%emt 0:11:40] This funny looking move is one of the points
behind playing a6. The rook, which is defending the b7 pawn, is out of the
game for the time being. But it's a sacrifice that the rook is ready to make,
so as to keep the black queen active.'} (6... Qc8 {is the other normal move in
this position.'} 7. Bf4 Nbd7 8. h3 e6 9. e3 Be7 10. Nh4 Be4 11. Be2 h6 12. Nf3
Bh7 13. O-O O-O 14. Na4 Bd8 15. Ne5 Bc7 16. Rac1 Rb8 17. Nb6 Qd8 18. Bxa6 Nxe5
19. dxe5 Ne4 20. Bd3 Nxc5 21. Bxh7+ Kxh7 22. Qc2+ Kg8 23. Nxd5 Qxd5 24. Qxc5
Qxa2 25. b4 Qd5 26. Qxd5 exd5 27. b5 Rfe8 28. bxc6 bxc6 29. Rxc6 Bxe5 30. Bxe5
Rxe5 31. Rd6 Kf8 32. Rd1 Rb5 33. Rd7 Ke8 34. Ra7 Rb8 35. Ra5 Rd8 36. Rd4 {
Nakamura,H (2760)-Kamsky,G (2762) Beijing 2012 1-0 (70)}) 7. Bf4 {[%emt 0:01:
34]} Nbd7 {[%emt 0:00:48]} 8. h3 {[%emt 0:00:15]} e6 {[%emt 0:01:20]} 9. e3 {
[%emt 0:05:53]} Be7 {[%emt 0:01:06]} 10. Be2 {[%emt 0:00:11]} O-O {[%emt 0:06:
11]} 11. O-O {[%emt 0:00:27] Black needs to exchange a few pieces in order to
breathe. So Ne4 is a logical move here, but before that Eljanov puts his rook
on e8 so that later he can break with e6-e5.'} Re8 {[%emt 0:09:20]} 12. Na4
$146 {[%emt 0:08:11]} (12. Rfc1 Bf8 13. Qa4 Ne4 14. b4 Ra8 15. Qd1 Nxc3 16.
Rxc3 Be4 17. Nd2 Bg6 18. Nb3 e5 19. Bg3 exd4 20. exd4 Nf6 21. Bf3 Ne4 22. Bxe4
Rxe4 23. Qd2 Qd7 24. f3 Re6 25. Re1 Rxe1+ 26. Qxe1 Be7 27. Re3 Bg5 28. f4 Bf6
29. Bh4 Bxh4 30. Qxh4 Be4 31. Qg4 f5 32. Qg5 Rf8 33. Qg3 Rf6 34. Qf2 Qf7 35.
Kh2 Qh5 36. Re2 Rg6 37. Qe3 Rh6 38. Na5 Qf7 39. Rf2 Qc7 40. Kg1 Rg6 41. Nb3 Qd8
{Jemai,A (2171)-Taeib,S (2070) Borj Cedria 2014 1-0}) 12... Ne4 {[%emt 0:03:26]
} 13. Rac1 {[%emt 0:02:43]} Bf6 {[%emt 0:12:42][%cal Ge6e5] e5 is on cards now.
'} 14. Nb6 {[%emt 0:11:29]} (14. Ne5 Bxe5 15. dxe5 Nd2 $17) 14... e5 $1 {
[%emt 0:18:05] Black seems to have successfully solved his opening problems.'}
15. Nxd7 $6 {[%emt 0:28:11]} (15. Bxe5 Nxe5 16. dxe5 Bxe5 17. Nxe5 Rxe5 18. Qd1
{and now Black has the strong move:} Bxh3 $1 19. gxh3 Qh4 $1 {and the attack
on the white king is really very strong.} 20. Bg4 Rg5 $40) 15... exf4 {[%emt 0:
00:05]} 16. Nxf6+ {[%emt 0:00:07]} Nxf6 {[%emt 0:00:16]} 17. Ne5 {[%emt 0:03:
06]} fxe3 {[%emt 0:00:57]} 18. Qxe3 {[%emt 0:09:02]} (18. fxe3 Bg6) 18... Nd7 {
[%emt 0:00:21]} 19. Qf4 {[%emt 0:02:47]} Nxe5 {[%emt 0:00:08]} 20. Qxf5 {
[%emt 0:07:52]} (20. dxe5 Bg6 {and Black doesn't even have an inkling of a
problem.}) 20... Ng6 {[%emt 0:00:32]} 21. Bh5 {[%emt 0:03:54]} Re4 {[%emt 0:10:
29] Black already has a good position. But now White has to decide whether he
would like to play Rcd1 and defend d4, which would give Black time to bring
his a7 rook into the game with b6; or, as in the game, he plays Rfe1,
sacrificing a pawn in order to play against the trapped rook on a7. Radoslaw
chose the latter. It was a very double-edged decision by him.'} 22. Rfe1 $5 {
[%emt 0:06:18]} (22. Rcd1 {was safer}) 22... Rxd4 {[%emt 0:00:58][%csl Ra7]
The question is can White take advantage of the Ra7 now?'} 23. Bxg6 {[%emt 0:
00:32]} hxg6 {[%emt 0:00:07]} 24. Qe5 {[%emt 0:00:07]} Ra4 {[%emt 0:14:14]} (
24... Rb4 $1) 25. Qe8+ {[%emt 0:02:33]} (25. Qd6 Qxd6 26. cxd6 Ra8 27. Re7 Rd8
28. Rxb7 Rxd6 {White should be able to hold this ending.}) 25... Qxe8 {[%emt 0:
00:04]} 26. Rxe8+ {[%emt 0:00:06] once again the rook on a7 has nowhere to go
but black plays well with his remaining pieces, while the rook always keeps
threatening to come back into the game.'} Kh7 {[%emt 0:00:02]} 27. a3 {[%emt 0:
00:12]} Rf4 {[%emt 0:08:08]} 28. g3 {[%emt 0:07:59]} Rf6 {[%emt 0:00:05]} 29.
a4 {[%emt 0:00:18]} a5 {[%emt 0:02:04]} 30. Rb8 $6 {[%emt 0:01:09] White gives
the opponent the open e-file.'} (30. Re7 {would have made quite some sense.} g5
31. Rce1 $1 Kg6 32. Rd7 {with the idea of doubling on the seventh rank would
give White excellent counterplay}) 30... Re6 {[%emt 0:01:32]} 31. h4 {[%emt 0:
00:47]} g5 $1 {[%emt 0:03:05] Eljanov plays really well in this endgame, even
though he is almost a rook down!'} 32. hxg5 {[%emt 0:00:04]} Kg6 {[%emt 0:00:
07]} 33. Kg2 {[%emt 0:03:28]} (33. f4 Re2 $15) 33... Re4 {[%emt 0:00:39]} 34.
b3 {[%emt 0:01:15]} Kxg5 {[%emt 0:00:21]} 35. Rc3 {[%emt 0:00:04]} f6 {[%emt 0:
02:07]} 36. Rf3 {[%emt 0:03:23]} Re7 {[%emt 0:03:20]} 37. Re3 {[%emt 0:01:00]}
Rd7 {[%emt 0:01:13]} 38. Kf3 {[%emt 0:02:04]} d4 {[%emt 0:00:19]} 39. Rd3 {
[%emt 0:00:22]} Rd5 {[%emt 0:01:10] Though Black is playing a rook less, we
must not forget the fact that White too must always keep his rook on b8 so
that the black rook remains passive. Doesn't that mean even the white rook is
doing nothing much?!'} 40. Rc8 {[%emt 0:00:00]} Rxc5 {[%emt 0:00:00]} 41. Rxd4
{[%emt 0:06:12]} b5 $1 {[%emt 0:04:37] Like a man rising from the dead, the a7
rook is back! And I feel Eljanov must have been so happy and Wojtaszek so
depressed that Black won the endgame without problems.'} 42. Kg2 {[%emt 0:11:
09]} b4 {[%emt 0:09:14]} 43. Rd6 {[%emt 0:01:15]} Kf5 {[%emt 0:03:00]} 44.
Rdxc6 {[%emt 0:10:20]} Rxc6 {[%emt 0:00:04]} 45. Rxc6 {[%emt 0:00:04]} Ke4 $15
{[%emt 0:00:04][%csl Rb3,Ge4,Rg2] Material equality has been established, but
the black king is now very active.'} 46. Rc4+ {[%emt 0:06:06]} Kd3 {[%emt 0:00:
05]} 47. f4 $6 {[%emt 0:00:12][%csl Re3,Rg3]} Re7 $36 {[%emt 0:20:38]} 48. Rc5
{[%emt 0:00:04]} Re3 {[%emt 0:10:20]} 49. Kh3 {[%emt 0:05:53]} Kd4 {[%emt 0:00:
05]} 50. Rxa5 {[%emt 0:00:04]} Re7 $1 {[%emt 0:00:08][%csl Rb3][%cal Gd4c3]
Wonderful controlled play by Eljanov. The black king can go to c3, but before
that Black defends his second rank and prevents counterplay'} 51. Rb5 {[%emt 0:
04:25]} Kc3 {[%emt 0:00:51]} 52. a5 {[%emt 0:00:04]} Ra7 {[%emt 0:02:24]} 53.
f5 {[%emt 0:00:57]} Kxb3 {[%emt 0:00:08]} 54. a6 {[%emt 0:00:05]} Rxa6 {
[%emt 0:00:09]} 55. Rb7 {[%emt 0:00:04]} Ka3 {[%emt 0:03:42]} 56. Rxg7 {
[%emt 0:00:29]} b3 {[%emt 0:00:03]} 57. Rb7 {[%emt 0:00:10]} b2 {[%emt 0:00:21]
} 58. g4 {[%emt 0:00:10]} Ra4 {[%emt 0:00:14]} 59. Z0 {A very nice game played
by both the players. Wojtaszek was quite ambitious and hence made the move
Rfe1 to play against Ra7. However Eljanov always kept things under control.
Once Eljanov played 41...b5! it secured him a clear edge because his a7 rook
started to breathe fresh air! The endgame technique of Pavel Eljanov was quite
exquisite!} (59. Rxb2 Kxb2 60. Kh4 Kc3 61. Kh5 Kd4 62. Kg6 Ke5 $19) 0-1

[Event "Candidates FIDE sf3"]
[Site "Sanghi Nagar"]
[Date "1994.??.??"]
[Round "8"]
[White "Timman, Jan H"]
[Black "Salov, Valery"]
[Result "1/2-1/2"]
[WhiteElo "2635"]
[BlackElo "2710"]
[Annotator "Salov,V"]
[PlyCount "79"]
[EventDate "1994.07.??"]
[EventType "match"]
[EventRounds "8"]
[EventCountry "IND"]
[SourceTitle "CBM 042"]
[Source "ChessBase"]
[SourceDate "1994.10.01"]
[SourceVersion "1"]
[SourceVersionDate "1994.10.01"]
[SourceQuality "1"]

1. d4 {Ftacnik} d5 2. c4 c6 3. Nf3 Nf6 4. Nc3 a6 5. Bg5 dxc4 (5... Ne4 {Ftacnik
} 6. Bf4 Nxc3 7. bxc3 dxc4) 6. a4 $1 (6. e4 {Ftacnik} b5 7. e5 Nd5 8. a4 $13)
6... Be6 (6... Bf5 {Ftacnik} 7. e3 Qb6 8. Qd2 Bd3 9. Bxd3 cxd3 10. O-O $14) 7.
e4 Nbd7 8. d5 $1 (8. Nd2 $5 b5 9. axb5 axb5 10. d5 cxd5 11. Nxb5 $44) (8. h3 h6
$132) (8. Be2 {Ftacnik} g6 9. O-O Bg7 $13) 8... cxd5 9. exd5 Bg4 10. Bxc4 Bxf3
11. Qxf3 (11. gxf3 $5 {Ftacnik} Rc8 12. Ba2 Qb6 13. Qe2 Qb4 $13) 11... Ne5 12.
Qe2 Nxc4 13. Qxc4 h6 (13... g6 14. O-O Bg7 15. Rad1 O-O 16. d6 $16) 14. Bf4 (
14. Bxf6 $5 exf6 (14... gxf6 {Ftacnik} 15. Qb4 Qd7 $13) 15. O-O Bd6 16. Rae1+
Kf8 17. Ne4 $36) 14... g6 15. O-O Bg7 16. Be5 (16. d6 {Ftacnik} O-O 17. dxe7
Qxe7 18. Rfe1 Qd7 19. Rad1 Rfe8 $13) 16... O-O 17. Rfe1 Rc8 18. Qd4 Ne8 19. Qf4
(19. Bxg7 {Ftacnik} Nxg7 20. Qb4 Rc7 $10) 19... Kh7 $6 (19... Nd6 20. Bxg7 Kxg7
21. Qe5+ Kg8 22. Qxe7 Qb6 $44) 20. h4 Bxe5 (20... Nd6 {Ftacnik} 21. h5 $36) 21.
Rxe5 (21. Qxe5 {Ftacnik} Rc7 22. h5 Nd6 $13) 21... Nd6 22. Rae1 $6 (22. h5 $1
Rc4 23. Qe3 $36) 22... Rc4 23. Qf3 (23. Qe3 {Ftacnik} Rxh4 24. Rxe7 $2 Nf5 $19)
23... Rxh4 24. Rxe7 Kg8 25. Ne4 (25. Qe2 {Ftacnik} Qb6 $10) 25... Nxe4 26.
R1xe4 Rh5 $1 $10 (26... Rxe4 {Ftacnik} 27. Qxe4 Qb6 28. Qf4 $14) 27. R4e5 Rxe5
28. Rxe5 Qd6 29. Qe4 Rd8 30. g3 (30. Re7 {Ftacnik} Qxd5 31. Qxd5 Rxd5 32. Rxb7
$10) 30... Kg7 31. b3 a5 32. Kg2 b6 33. Kg1 Rd7 34. Qd4 Qf6 (34... Qc5 $6 {
Ftacnik} 35. Qb2 $1) 35. Qe3 Rd8 36. Qe4 Qd6 37. Qe3 Qf6 38. Kg2 Rd7 39. g4 Rd8
40. Kg1 1/2-1/2

[Event "Lund CellaVision Cup"]
[Site "Lund"]
[Date "2016.08.07"]
[Round "7"]
[White "Hillarp Persson, Tiger"]
[Black "Volkov, Sergey"]
[Result "0-1"]
[WhiteElo "2523"]
[BlackElo "2591"]
[Annotator "Schulz,Andre"]
[PlyCount "104"]
[EventDate "2016.08.05"]
[EventType "swiss"]
[EventRounds "8"]
[EventCountry "SWE"]
[SourceTitle "CBM 173 Extra"]
[Source "ChessBase"]
[SourceDate "2016.08.29"]
[SourceVersion "1"]
[SourceVersionDate "2016.08.29"]
[SourceQuality "1"]

1. d4 d5 2. c4 c6 3. Nf3 Nf6 4. Nc3 a6 5. Qc2 {Weiß plant, die solide
schwarze Chebanenko-Variante im Gambitstil anzugehen.} ({Häufiger sieht man} 
5. c5) (5. e3) ({oder} 5. a4) 5... b5 (5... dxc4 6. e4 b5 {wäre im Stile des
Slawischen Gambits.}) 6. e4 (6. cxd5 cxd5 7. Bg5 {ergäbe eine "normale"
Position, aber das ist nicht im Sinne von Tiger Hillar Persson.}) 6... b4 7.
Na4 dxe4 ({Nach} 7... Nxe4 8. cxd5 cxd5 9. Nb6 {wäre Schwarz reingefallen.})
8. Ne5 Bf5 (8... g6 9. Be3 Bg7 10. Be2 O-O 11. O-O Qc7 12. Bf4 Qb7 13. Nc5 Qb6
14. Rfd1 Nbd7 15. Nexd7 Bxd7 16. Nxd7 Nxd7 17. Qxe4 Rfe8 18. c5 Qb7 19. Bf3
Rac8 20. Qc2 Nf6 21. a3 a5 22. Qa4 Red8 23. Qxa5 bxa3 24. bxa3 Nd5 25. Be5 Ra8
26. Qe1 e6 27. Bd6 Ra4 28. Bxd5 exd5 29. Rab1 Qa8 30. Rb4 Rxa3 31. Rdb1 Qa5 32.
h3 h5 33. Kh2 Bf6 34. Qc1 Ra4 35. Rb8 Kg7 36. Qf4 Rxd4 37. Qf3 Re4 38. Rxd8
Bxd8 39. Rb7 Bf6 40. Bf8+ Kxf8 41. Qxf6 {1-0 (41) Fridman,D (2627)-McShane,L 
(2687) Reykjavik 2015}) 9. Be3 e6 ({Volkov hat das alels schon einmal auf dem
Brett gehabt:} 9... Qc7 10. g4 Bxg4 11. Nxg4 Nxg4 12. Qxe4 Nxe3 13. fxe3 g6 14.
Bg2 Bg7 15. O-O-O O-O 16. h4 h5 17. Nc5 e5 18. Bh3 exd4 19. exd4 Ra7 20. Rhg1
Qe7 21. Qf4 Qf6 22. Qg3 Bh6+ 23. Kb1 Qf4 24. Qg2 Qxh4 25. Ne6 Re8 26. d5 cxd5
27. cxd5 Rae7 28. Bf5 Kh8 29. Bxg6 Rg8 30. Qf3 Rxg6 31. Rxg6 fxg6 32. Rh1 Rf7
33. Rxh4 Rxf3 34. Rxb4 Nd7 35. Rb7 Nf8 36. Nd8 Kg8 37. d6 Rd3 {0-1 (37) Sarana,
A (2422)-Volkov,S (2604) Kolomna 2016}) 10. c5 Qc7 11. Nb6 Ra7 12. g4 $5 ({
Zaghaftere Naturen hätten} 12. Be2 {zur Vorbereitung von g4, oder}) (12. Qa4 {
mit der Idee} Z0 13. Bf4 {gespielt.}) 12... Bxg4 13. Nxg4 Nxg4 14. Qxe4 Nf6 (
14... Nxe3 15. fxe3 Be7 {war auch nicht schlecht.}) 15. Qf3 Nd5 16. Nc4 (16.
Nxd5 cxd5 17. Bf4 Qd8 $11) 16... Nd7 17. h4 h5 18. Rg1 N7f6 19. O-O-O a5 20.
Re1 a4 21. Bh3 a3 22. b3 {Wo steht der schwarze König jetzt am sichersten?}
Kd8 23. Bd2 Kc8 24. Ne5 Kb7 25. Kc2 Ka8 {Hier!} 26. Re2 g6 27. Rge1 Bg7 28. Bg5
{Darauf hat Schwarz eine gute Antwort parat.} Ng4 $1 29. Nxg4 ({Besser war} 29.
Bxg4 hxg4 30. Qxg4 Bxe5 31. Rxe5 {und im Falle von} f6 {spielt Weiß} 32. Rxd5
exd5 33. Bxf6 {mit erträglicher Position.}) 29... hxg4 30. Qxg4 Nc3 31. Bg2 $5
{Weiß hat noch ein paar Tricks in petto.} (31. Re3 Nxa2 $19) 31... Rc8 $6 {[#]
} ({Auch nach} 31... Nxa2 {käme} 32. Rxe6 fxe6 33. Rxe6 {und nach} Ra6 34. Bf4
Qb7 35. Qxg6 {hat Weiß einen Turm weniger, aber Schwindelchancen.}) ({Oder} 
31... Ra6 32. Ra1 Nxe2 33. Qxe2 Ra7 34. Rd1 $13) 32. Rxe6 fxe6 33. Rxe6 Qd7 34.
Rxc6 Rxc6 35. Qxd7 Rxd7 36. Bxc6+ {So hat Weiß sich das vorgestellt.} Rb7 37.
d5 {Nun ist die Partie wieder völlig offen. Weiß hat im Moment einen ganzen
Turm weniger, aber einige agile Bauern.} Ne4 (37... Kb8 38. d6 Rf7 39. d7 Rxf2+
40. Kd3 Rf8 41. d8=Q+ Rxd8+ 42. Bxd8 Nxa2 43. Kc2 Nc3 (43... Nc1 44. Bd7 (44.
Kxc1 $2 a2 $19) 44... Be5) 44. Bg2 $11) 38. Be3 Kb8 39. d6 (39. Bxb7 Kxb7 40.
Kd3 Nc3 41. c6+ Kc7 (41... Kc8 $2 42. d6 $18) 42. Bf4+ Kb6 43. Be3+ $11) 39...
Nf6 40. Kd3 (40. Bxb7 Kxb7 41. Kd3 Kc6 42. Kc4 Ng4 43. Kxb4 Bb2 44. Kc4 Ne5+
45. Kb4 Nd3+ 46. Kc4 Ne5+ $11) 40... Rf7 41. Kc4 Ng4 42. Kxb4 Nxe3 43. fxe3 Rf5
{Vermutlich die kritische Stelle in diesem spannenden Endspiel. [#]} 44. Kb5 ({
Zum Remis reicht} 44. Bd7 Rd5 45. e4 Rd4+ 46. Kxa3 $11) 44... Be5 (44... Bf8 $5
) 45. Bd5 Rh5 46. b4 Rxh4 47. e4 g5 48. Kc6 g4 49. b5 g3 50. d7 Rh6+ 51. Be6
Rxe6+ 52. Kd5 Bc7 0-1

[Event "Poikovsky Karpov 16th"]
[Site "Poikovsky"]
[Date "2015.09.30"]
[Round "3"]
[White "Lysyj, Igor"]
[Black "Inarkiev, Ernesto"]
[Result "1-0"]
[WhiteElo "2671"]
[BlackElo "2660"]
[Annotator "Schulz,Andre"]
[PlyCount "113"]
[EventDate "2015.09.28"]
[EventType "tourn"]
[EventRounds "9"]
[EventCountry "RUS"]
[EventCategory "17"]
[SourceTitle "CBM 169"]
[Source "ChessBase"]
[SourceDate "2015.11.10"]
[SourceVersion "1"]
[SourceVersionDate "2015.11.10"]
[SourceQuality "1"]

1. d4 d5 2. c4 c6 3. Nf3 Nf6 4. e3 Bf5 5. Nc3 a6 6. Bd3 Bg6 7. O-O e6 8. Bxg6
hxg6 9. Qd3 Bb4 10. Bd2 O-O {[#] Weiß bringt nun ein aussichtsreiches
Figurenopfer:} 11. Nxd5 Nxd5 12. cxd5 Bxd2 13. dxe6 $1 (13. Nxd2 exd5 $11)
13... Ba5 (13... fxe6 14. Nxd2 {mit Mehrbauern.}) 14. exf7+ Rxf7 15. Ne5 Rc7
16. e4 $18 {Öffnet die 3. Reihe für einen weißen Turm.} (16. Qxg6 Re7 17. f4
Nd7 18. Rf3 Nf8 {ist weniger energisch. Weiß hat drei Bauern für die Figur
und Initiative.}) 16... Nd7 {Die folgenden Züge sind bis zum 35. Zug
praktisch forciert.} 17. Qb3+ Kh7 18. Qh3+ Kg8 19. Qb3+ Kh7 20. Qh3+ Kg8 21.
Qe6+ Kh7 22. Qxg6+ Kg8 23. Qe6+ Kh7 24. Qh3+ Kg8 25. Qb3+ Kh7 26. Nc4 b6 27.
Qh3+ Kg8 28. b4 (28. a3 $5 c5 29. b4 cxb4 30. axb4 Bxb4 31. Qb3 a5 32. Nxb6+ {
ist ähnlich.}) 28... Bxb4 29. Qb3 a5 30. a3 Be7 31. Nxb6+ Kf8 32. Qf3+ Kg8 33.
Qb3+ Kf8 34. Nxa8 Qxa8 35. Qf3+ Kg8 {Ende der Kombination. Weiß steht mit
Turm und drei Mehrbauern gegen zwei Leichfiguren auch materiell auf Gewinn.}
36. Qb3+ Kf8 37. Rac1 Qa7 38. Qf3+ Kg8 39. Qb3+ Kf8 40. Rfd1 Nf6 41. Qf3 Kg8
42. e5 {[#]} Ne8 (42... Nd5 43. Rxc6 Rxc6 44. Qxd5+ $18) 43. Rxc6 Qb7 44. d5
Rxc6 45. dxc6 Qb5 46. Qd5+ Qxd5 47. Rxd5 Kf7 48. Rxa5 Nc7 49. f4 Ke6 50. g4 g6
51. Kg2 Bd8 52. Kf3 Nd5 53. Ra8 Bc7 54. h4 Ne7 55. Re8 Kf7 {[#]} 56. Rxe7+ {
Technisch am einfachsten.} Kxe7 57. Ke4 1-0

[Event "RUS-Cup01 Chigorin Memorial"]
[Site "St Petersburg"]
[Date "1996.??.??"]
[Round "4"]
[White "Novikov, Igor A"]
[Black "Vysochin, Spartak"]
[Result "1-0"]
[WhiteElo "2585"]
[BlackElo "2480"]
[Annotator "Shipov,S"]
[PlyCount "77"]
[EventDate "1996.11.??"]
[EventType "swiss"]
[EventRounds "9"]
[EventCountry "RUS"]
[SourceTitle "CBM 056 Extra"]
[Source "ChessBase"]
[SourceDate "1997.03.01"]
[SourceVersion "1"]
[SourceVersionDate "1997.03.01"]
[SourceQuality "1"]

1. d4 d5 2. c4 c6 3. Nf3 Nf6 4. Nc3 Qb6 $5 5. g3 (5. Qb3) (5. Qc2) (5. e3) 5...
Bf5 (5... g6 6. Bg2 Bg7 7. O-O O-O 8. Ne5 e6 9. c5 Qd8 10. Bg5 h6 11. Bf4 Nbd7
12. Qd2 Kh7 13. Rad1 Nxe5 14. Bxe5 b6 15. Bd6 Rh8 16. Qf4 Ne8 17. e4 $16 {
Majorovas,V-Seoev,R/URS/1983/1:0/43/}) (5... dxc4 $5 6. Ne5 Qa6 $5 7. Bg2) 6.
Bg2 (6. Nh4 Bg6 (6... Bg4 $5) 7. Nxg6 hxg6 8. Qb3 e6 9. Bg2 Nbd7 10. O-O Be7
11. Rd1 O-O 12. e4 Nxe4 13. Nxe4 dxe4 14. Bxe4 Nf6 15. Bf3 Qxb3 16. axb3 Rfd8
17. Be3 $14 {Christiansen,l-Kogan,B/USA/1987/1:0/60/}) 6... e6 7. c5 (7. O-O
Nbd7 (7... h6 8. Ne5 Be7 9. b3 O-O 10. Bb2 Rd8 11. e3 Nbd7 12. Nxd7 Rxd7 13.
Qe2 Bg4 14. f3 Bh5 15. g4 Bg6 16. f4 $14 {Gusev,A-Seoev,R/Simferopol/1989/1:0/
37/}) 8. c5 Qc7 9. b4 b6 10. Bf4 Qb7 11. Nh4 Bg6 $6 (11... Bg4 12. h3 Bh5 13.
g4 Bg6 $14) 12. Nxg6 hxg6 13. e4 dxe4 14. Nxe4 Nxe4 15. Bxe4 Nf6 16. Bf3 bxc5
17. Qa4 $1 Rc8 18. bxc5 $16 {Ivanov,S-Anisimov, /Kstovo/1994/1:0/26/}) 7... Qd8
8. Nh4 Bg4 9. h3 Bh5 10. g4 Bg6 $6 (10... Nfd7 $1 $13) 11. Nxg6 hxg6 12. Qb3 b6
(12... Qc8 $5 $14) 13. g5 $1 Nfd7 14. e4 $1 bxc5 (14... dxe4 15. Nxe4 bxc5 $2
16. Qb7 $1) 15. exd5 cxd5 (15... cxd4 16. dxc6 Nxc6 17. Bxc6 dxc3 18. Qxc3 $16)
16. Nxd5 $1 Nc6 (16... cxd4 17. Bd2 $16) 17. Nf6+ gxf6 18. Bxc6 cxd4 (18... Rc8
19. Qa4 cxd4 20. Bd2 $16) 19. Bd2 (19. Bxa8 $2 Qxa8 $36) (19. gxf6 $5) 19...
Rc8 (19... fxg5 $5) 20. Rc1 Be7 (20... fxg5 $5 21. Qa4 $1 (21. Bxg5 Qa5+ 22.
Bd2 Qe5+ $13) 21... Rxc6 22. Rxc6 $16) (20... Bd6 $5 21. Qa4 Ke7 22. Bxd7 Rxc1+
23. Bxc1 Qxd7 24. gxf6+ Ke8 25. Qxd4 $16 Rh5 $132) 21. Qa4 Rxc6 $8 22. Rxc6 O-O
23. Qxd4 $16 Ne5 (23... fxg5 24. O-O $16) 24. Qxd8 Rxd8 25. Rc3 Nd3+ (25...
fxg5 26. Ke2) 26. Ke2 Nxf2 (26... Nxb2 27. Rb1 Na4 28. Rc7) 27. Rhc1 $1 Rd5 (
27... Ne4 28. Rc8 $18) 28. Rc8+ Kg7 29. Re8 $1 Ne4 (29... Bd6 30. gxf6+ Kxf6
31. Bc3+ $18) 30. Rxe7 Rxd2+ 31. Ke3 f5 32. Rcc7 $18 Rxb2 33. Rxf7+ Kg8 34.
Rg7+ Kf8 35. Rh7 Kg8 36. Rcg7+ Kf8 37. Rxa7 Kg8 38. Rhd7 Rb8 39. Kf4 1-0